• 首页
  • 本馆介绍
  • 公告通知
  • 最新文献
  • 馆藏检索
  • 电子资源
  • 读者导购
  • 参考咨询
  • 我的图书馆
  • 登录
  • 详细信息显示
  • 放入我的书架
  • 预约/预借图书
  • 作者相关作品
  • 分类相关作品
  • 丛书相关作品
  • 出版社相关作品

书目信息

  • 表格格式
  • 工作单格式
  • 卡片格式
题名:
瑜伽与饮食
    
 
作者: 林敏 著
分册:  
出版信息: 北京   中国轻工业出版社  2005
页数: 104页
开本: 23cm
丛书名:
单 册:
中图分类: R214
科图分类:
主题词: 瑜伽术--饮食--基本知识 , 瑜伽术--基本知识
电子资源:
ISBN: 7-5019-4800-3
000 01135nam0 2200337 450
000 01098nam0 2200325 450
000 01120nam0 2200349 450
000 01066nam0 2200325 450
000 01051nam0 2200313 450
000 01014nam0 2200301 45
001 TS2006030261
005 20061203163220.12
010    @a7-5019-4800-3@dCNY22.00
100    @a20060829d2005 em y0chiy0110 ea
101 0  @achi
102    @aCN@b110000
105    @aa z 000yy
200 1  @a瑜伽与饮食@Ayu jia yu yin shi@f林敏著@FLin Min Zhu
210    @a北京@c中国轻工业出版社@d2005
215    @a104页@c彩照@d23cm
330    @a本书共四个部分,内容分别为:先来认识一下瑜伽、瑜伽的饮食主张、21道最简单的瑜伽食谱、16种有益肠胃的瑜伽姿势。
510 1  @aYoga and Diet@zeng
606 0  @a瑜伽术@x饮食@x基本知识
606 0  @a瑜伽术@x基本知识
690    @aR214@v4
701  0 @a林敏@Alin min@c(女)@4著
801  0 @aCN@b中图数据@c20061203
905    @a10447@dR214@e193
    
    瑜伽与饮食/林敏著.-北京:中国轻工业出版社,2005
    104页:彩照;23cm
    
    
    ISBN 7-5019-4800-3:CNY22.00
    本书共四个部分,内容分别为:先来认识一下瑜伽、瑜伽的饮食主张、21道最简单的瑜伽食谱、16种有益肠胃的瑜伽姿势。
●
相关链接 在E读中查询图书 在五车中查询图书 在当当中查询图书 在豆瓣中查询图书


正题名:瑜伽与饮食     索取号:R214/193         预约/预借

序号 登录号 条形码 馆藏地/架位号 状态 备注
1 0610967   206109673   第二样本阅览室/ [索取号:R214/193] 在馆    
2 0610968   206109682   第三借阅区/ [索取号:R214/193] 在馆    
唐山师范学院图书馆 欢迎您!
大连网信软件有限公司© 版权所有